Mario Kart 8 Deluxe Items - Statistics

General Stats
  • This quiz has been taken 89 times
  • The average score is 18 of 23
Answer Stats
Answer % Correct
Green Shell
96%
Banana
94%
Red Shell
94%
Boo
93%
Mushroom
93%
Super Star
91%
Bullet Bill
90%
Spiny Shell
90%
Golden Mushroom
88%
Lightning
85%
Coin
84%
Triple Green Shells
79%
Fire Flower
78%
Triple Mushrooms
78%
Triple Red Shells
78%
Triple Bananas
76%
Bob-omb
71%
Boomerang Flower
69%
Super Horn
63%
Blooper
59%
Crazy Eight
59%
Feather
59%
Piranha Plant
59%
No matching quizzes found
Score Distribution
Percent of People with Each Score
Percentile by Number Answered
Your Score History
You have not taken this quiz